International arms procurement : new directions /

Bibliographic Details
Corporate Author: International Studies Association. Meeting
Format: Book
Language:English
Published: New York : Pergamon Press, [1981]
Series:Pergamon policy studies on security affairs.
Subjects:

MARC

Tag First Indicator Second Indicator Subfields
LEADER 00000pam a2200000 a 4500
001 in00000086256
005 20151008062625.0
008 810325s1981 nyu b 10100 eng
010 |a  81002837  
020 |a 0080275583 
035 |a (OCoLC)07329316 
035 |9 AAK0613AM 
040 |a DLC  |c DLC  |d TXA  |d UtOrBLW 
049 |a TXAM  |c [1805635] 
050 0 0 |a HD9743.A2  |b I56 1981 
245 0 0 |a International arms procurement :  |b new directions /  |c edited by Martin Edmonds. 
264 1 |a New York :  |b Pergamon Press,  |c [1981] 
264 4 |c ©1981 
300 |a xi, 227 pages ;  |c 24 cm. 
336 |a text  |b txt  |2 rdacontent 
337 |a unmediated  |b n  |2 rdamedia 
338 |a volume  |b nc  |2 rdacarrier 
490 1 |a Pergamon policy studies on security affairs 
500 |a "Emerged from the proceedings of the American International Studies Association Annual Convention held in Los Angeles in March 1980"--Pref. 
504 |a Includes bibliographical references and index. 
650 0 |a Arms transfers  |x Congresses. 
710 2 |a International Studies Association.  |b Meeting  |d (1980 :  |c Los Angeles, Calif.) 
740 0 |a Arms procurement. 
830 0 |a Pergamon policy studies on security affairs. 
999 |a MARS 
999 f f |s d66200ce-d927-3b21-8f11-16144074217c  |i 07d192d4-d3b8-3c58-97c2-a24707a10a49  |t 0 
952 f f |p ric  |a Texas A&M University  |b Rellis Campus  |c Joint Library Facility  |d Remote Storage  |t 0  |e HD9743.A2 I56 1981  |h Library of Congress classification  |i unmediated -- volume  |m A14805955825 
998 f f |a HD9743.A2 I56 1981  |t 0  |l Remote Storage